<?xml version="1.0" encoding="UTF-8"?>
<record
    xmlns:xsi="http://www.w3.org/2001/XMLSchema-instance"
    xsi:schemaLocation="http://www.loc.gov/MARC21/slim http://www.loc.gov/standards/marcxml/schema/MARC21slim.xsd"
    xmlns="http://www.loc.gov/MARC21/slim">

  <leader>04434nam0a2200481   4500</leader>
  <controlfield tag="001">RU\NLR\BIBL_A\016219039</controlfield>
  <controlfield tag="005">20230209180229.0</controlfield>
  <datafield tag="010" ind1=" " ind2=" ">
    <subfield code="a">978-5-6047944-2-5</subfield>
    <subfield code="9">500</subfield>
  </datafield>
  <datafield tag="021" ind1=" " ind2=" ">
    <subfield code="a">RU</subfield>
    <subfield code="b">&#x410;&#x41B;-&#x41F;-22-01014&#x438;</subfield>
    <subfield code="9">&#x410;&#x41B;-&#x41F;-22-0200</subfield>
  </datafield>
  <datafield tag="035" ind1=" " ind2=" ">
    <subfield code="a">(NLR Aleph) 016219039</subfield>
  </datafield>
  <datafield tag="035" ind1=" " ind2=" ">
    <subfield code="a">(RuMoRGB)011340576</subfield>
  </datafield>
  <datafield tag="090" ind1=" " ind2=" ">
    <subfield code="a">12732334</subfield>
    <subfield code="c">12732334</subfield>
  </datafield>
  <datafield tag="100" ind1=" " ind2=" ">
    <subfield code="a">20221128d2022    u  y0rusy50      ca</subfield>
  </datafield>
  <datafield tag="101" ind1="0" ind2=" ">
    <subfield code="a">rus</subfield>
  </datafield>
  <datafield tag="102" ind1=" " ind2=" ">
    <subfield code="a">RU</subfield>
  </datafield>
  <datafield tag="105" ind1=" " ind2=" ">
    <subfield code="a">ah  b   010zy</subfield>
  </datafield>
  <datafield tag="181" ind1=" " ind2="0">
    <subfield code="a">b3</subfield>
    <subfield code="b">xb2e  </subfield>
  </datafield>
  <datafield tag="181" ind1=" " ind2="0">
    <subfield code="a">i2</subfield>
    <subfield code="b">axxe  </subfield>
  </datafield>
  <datafield tag="182" ind1=" " ind2="0">
    <subfield code="a">n</subfield>
  </datafield>
  <datafield tag="200" ind1="1" ind2=" ">
    <subfield code="a">&#x41F;&#x443;&#x442;&#x435;&#x448;&#x435;&#x441;&#x442;&#x432;&#x438;&#x435; &#x43F;&#x43E; &#x421;&#x432;&#x44F;&#x442;&#x43E;&#x439; &#x417;&#x435;&#x43C;&#x43B;&#x435;</subfield>
    <subfield code="e">[&#x436;&#x438;&#x432;&#x43E;&#x43F;&#x438;&#x441;&#x43D;&#x44B;&#x439; &#x430;&#x43B;&#x44C;&#x431;&#x43E;&#x43C; &#x43A; &#x43F;&#x443;&#x442;&#x435;&#x448;&#x435;&#x441;&#x442;&#x432;&#x438;&#x44E; &#x441; &#x434;&#x435;&#x442;&#x44C;&#x43C;&#x438; &#x43F;&#x43E; &#x421;&#x432;&#x44F;&#x442;&#x43E;&#x439; &#x417;&#x435;&#x43C;&#x43B;&#x435;. &#x421;&#x41F;&#x431;: &#x418;&#x437;&#x434;&#x430;&#x43D;&#x438;&#x435; &#x410;. &#x424;. &#x424;&#x430;&#x440;&#x438;&#x43A;&#x43E;&#x432;&#x430;, 1849]</subfield>
    <subfield code="e">&#x43A; 140-&#x43B;&#x435;&#x442;&#x438;&#x44E; &#x418;&#x43C;&#x43F;&#x435;&#x440;&#x430;&#x442;&#x43E;&#x440;&#x441;&#x43A;&#x43E;&#x433;&#x43E; &#x41F;&#x440;&#x430;&#x432;&#x43E;&#x441;&#x43B;&#x430;&#x432;&#x43D;&#x43E;&#x433;&#x43E; &#x41F;&#x430;&#x43B;&#x435;&#x441;&#x442;&#x438;&#x43D;&#x441;&#x43A;&#x43E;&#x433;&#x43E; &#x41E;&#x431;&#x449;&#x435;&#x441;&#x442;&#x432;&#x430;</subfield>
    <subfield code="f">&#x41C;&#x438;&#x43D;&#x438;&#x441;&#x442;&#x435;&#x440;&#x441;&#x442;&#x432;&#x43E; &#x43A;&#x443;&#x43B;&#x44C;&#x442;&#x443;&#x440;&#x44B; &#x420;&#x43E;&#x441;&#x441;&#x438;&#x439;&#x441;&#x43A;&#x43E;&#x439; &#x424;&#x435;&#x434;&#x435;&#x440;&#x430;&#x446;&#x438;&#x438;, &#x41D;&#x430;&#x443;&#x447;&#x43D;&#x43E;-&#x438;&#x441;&#x441;&#x43B;&#x435;&#x434;&#x43E;&#x432;&#x430;&#x442;&#x435;&#x43B;&#x44C;&#x441;&#x43A;&#x438;&#x439; &#x43C;&#x443;&#x437;&#x435;&#x439; &#x43F;&#x440;&#x438; &#x420;&#x43E;&#x441;&#x441;&#x438;&#x439;&#x441;&#x43A;&#x43E;&#x439; &#x430;&#x43A;&#x430;&#x434;&#x435;&#x43C;&#x438;&#x438; &#x445;&#x443;&#x434;&#x43E;&#x436;&#x435;&#x441;&#x442;&#x432;</subfield>
    <subfield code="g">&#x440;&#x435;&#x434;&#x430;&#x43A;&#x442;&#x43E;&#x440;&#x44B;: &#x415;. &#x410;. &#x412;&#x430;&#x441;&#x438;&#x43B;&#x44C;&#x435;&#x432;&#x430;, &#x415;. &#x410;. &#x420;&#x438;&#x43F;&#x430;&#x43A;</subfield>
    <subfield code="g">&#x430;&#x432;&#x442;&#x43E;&#x440; &#x432;&#x441;&#x442;&#x443;&#x43F;&#x438;&#x442;&#x435;&#x43B;&#x44C;&#x43D;&#x43E;&#x439; &#x441;&#x442;&#x430;&#x442;&#x44C;&#x438;: &#x410;. &#x410;. &#x427;&#x435;&#x440;&#x43D;&#x44B;&#x448;&#x435;&#x432;&#x430;</subfield>
    <subfield code="g">&#x430;&#x43D;&#x43D;&#x43E;&#x442;&#x430;&#x446;&#x438;&#x438;: &#x41C;. &#x410;. &#x41A;&#x43E;&#x441;&#x442;&#x44B;&#x440;&#x44F; [&#x438; &#x434;&#x440;.]</subfield>
  </datafield>
  <datafield tag="203" ind1=" " ind2=" ">
    <subfield code="a">&#x418;&#x437;&#x43E;&#x431;&#x440;&#x430;&#x436;&#x435;&#x43D;&#x438;&#x435;</subfield>
    <subfield code="a">&#x422;&#x435;&#x43A;&#x441;&#x442;</subfield>
    <subfield code="b">&#x432;&#x438;&#x437;&#x443;&#x430;&#x43B;&#x44C;&#x43D;&#x44B;&#x435;</subfield>
    <subfield code="c">&#x43D;&#x435;&#x43F;&#x43E;&#x441;&#x440;&#x435;&#x434;&#x441;&#x442;&#x432;&#x435;&#x43D;&#x43D;&#x44B;&#x435;</subfield>
  </datafield>
  <datafield tag="210" ind1=" " ind2=" ">
    <subfield code="a">&#x421;&#x430;&#x43D;&#x43A;&#x442;-&#x41F;&#x435;&#x442;&#x435;&#x440;&#x431;&#x443;&#x440;&#x433;</subfield>
    <subfield code="c">[&#x431;. &#x438;.]</subfield>
    <subfield code="d">2022</subfield>
  </datafield>
  <datafield tag="215" ind1=" " ind2=" ">
    <subfield code="a">103 &#x441;.</subfield>
    <subfield code="c">&#x438;&#x43B;., &#x444;&#x430;&#x43A;&#x441;.</subfield>
    <subfield code="d">20&#x445;24</subfield>
  </datafield>
  <datafield tag="320" ind1=" " ind2=" ">
    <subfield code="a">&#x411;&#x438;&#x431;&#x43B;&#x438;&#x43E;&#x433;&#x440;. &#x432; &#x43F;&#x43E;&#x434;&#x441;&#x442;&#x440;&#x43E;&#x447;. &#x43F;&#x440;&#x438;&#x43C;&#x435;&#x447;.</subfield>
  </datafield>
  <datafield tag="330" ind1=" " ind2=" ">
    <subfield code="a">&#x412; &#x441;&#x442;&#x440;&#x430;&#x43D;&#x430;&#x445; &#x417;&#x430;&#x43F;&#x430;&#x434;&#x43D;&#x43E;&#x439; &#x415;&#x432;&#x440;&#x43E;&#x43F;&#x44B; &#x438; &#x420;&#x43E;&#x441;&#x441;&#x438; &#x43D;&#x430; &#x440;&#x443;&#x431;&#x435;&#x436;&#x435; XVIII-XIX &#x432;&#x435;&#x43A;&#x43E;&#x432; &#x43F;&#x43E;&#x43B;&#x443;&#x447;&#x438;&#x43B;&#x438; &#x448;&#x438;&#x440;&#x43E;&#x43A;&#x43E;&#x435; &#x440;&#x430;&#x441;&#x43F;&#x440;&#x43E;&#x441;&#x442;&#x440;&#x430;&#x43D;&#x435;&#x43D;&#x438;&#x435; &#x438;&#x43B;&#x43B;&#x44E;&#x441;&#x442;&#x440;&#x438;&#x440;&#x43E;&#x432;&#x430;&#x43D;&#x43D;&#x44B;&#x435; &#x43F;&#x435;&#x447;&#x430;&#x442;&#x43D;&#x44B;&#x435; &#x438;&#x437;&#x434;&#x430;&#x43D;&#x438;&#x44F; "&#x436;&#x438;&#x432;&#x43E;&#x43F;&#x438;&#x441;&#x43D;&#x44B;&#x445; &#x43F;&#x443;&#x442;&#x435;&#x448;&#x435;&#x441;&#x442;&#x432;&#x438;&#x439;". &#x412; &#x43E;&#x434;&#x43D;&#x43E;&#x439; &#x43F;&#x443;&#x431;&#x43B;&#x438;&#x43A;&#x430;&#x446;&#x438;&#x438; &#x43E;&#x431;&#x44A;&#x435;&#x434;&#x438;&#x43D;&#x44F;&#x43B;&#x438;&#x441;&#x44C; &#x441;&#x435;&#x440;&#x438;&#x438; &#x433;&#x440;&#x430;&#x444;&#x438;&#x447;&#x435;&#x441;&#x43A;&#x438;&#x445; &#x43B;&#x438;&#x441;&#x442;&#x43E;&#x432; &#x441; &#x438;&#x437;&#x43E;&#x431;&#x440;&#x430;&#x436;&#x435;&#x43D;&#x438;&#x44F;&#x43C;&#x438; &#x43F;&#x435;&#x439;&#x437;&#x430;&#x436;&#x435;&#x439;, &#x430;&#x440;&#x445;&#x438;&#x442;&#x435;&#x43A;&#x442;&#x443;&#x440;&#x43D;&#x44B;&#x445; &#x43F;&#x430;&#x43C;&#x44F;&#x442;&#x43D;&#x438;&#x43A;&#x43E;&#x432; &#x438; &#x434;&#x440;&#x443;&#x433;&#x438;&#x445; &#x434;&#x43E;&#x441;&#x442;&#x43E;&#x43F;&#x440;&#x438;&#x43C;&#x435;&#x447;&#x430;&#x442;&#x435;&#x43B;&#x44C;&#x43D;&#x43E;&#x441;&#x442;&#x435;&#x439; &#x440;&#x430;&#x437;&#x43D;&#x44B;&#x445; &#x441;&#x442;&#x440;&#x430;&#x43D; &#x438; &#x433;&#x43E;&#x440;&#x43E;&#x434;&#x43E;&#x432;. &#x427;&#x430;&#x441;&#x442;&#x43E; &#x438;&#x43B;&#x43B;&#x44E;&#x441;&#x442;&#x440;&#x430;&#x446;&#x438;&#x438; &#x434;&#x43E;&#x43F;&#x43E;&#x43B;&#x43D;&#x44F;&#x43B;&#x438;&#x441;&#x44C; &#x43F;&#x43E;&#x434;&#x440;&#x43E;&#x431;&#x43D;&#x44B;&#x43C;&#x438; &#x43A;&#x43E;&#x43C;&#x43C;&#x435;&#x43D;&#x442;&#x430;&#x440;&#x438;&#x44F;&#x43C;&#x438;, &#x43F;&#x443;&#x442;&#x435;&#x432;&#x44B;&#x43C;&#x438; &#x437;&#x430;&#x43C;&#x435;&#x442;&#x43A;&#x430;&#x43C;&#x438;, &#x43E;&#x43F;&#x438;&#x441;&#x430;&#x43D;&#x438;&#x44F;&#x43C;&#x438; &#x431;&#x44B;&#x442;&#x430; &#x438; &#x43E;&#x431;&#x44B;&#x447;&#x430;&#x435;&#x432; &#x43C;&#x435;&#x441;&#x442;&#x43D;&#x44B;&#x445; &#x43D;&#x430;&#x440;&#x43E;&#x434;&#x43E;&#x432;. &#x422;&#x430;&#x43A;&#x438;&#x435; &#x438;&#x437;&#x434;&#x430;&#x43D;&#x438;&#x44F; &#x434;&#x43E;&#x441;&#x442;&#x430;&#x442;&#x43E;&#x447;&#x43D;&#x43E; &#x431;&#x44B;&#x441;&#x442;&#x440;&#x43E; &#x43F;&#x440;&#x438;&#x43E;&#x431;&#x440;&#x435;&#x43B;&#x438; &#x441;&#x442;&#x430;&#x442;&#x443;&#x441; &#x43E;&#x441;&#x43E;&#x431;&#x43E;&#x433;&#x43E; &#x44F;&#x432;&#x43B;&#x435;&#x43D;&#x438;&#x44F; &#x445;&#x443;&#x434;&#x43E;&#x436;&#x435;&#x441;&#x442;&#x432;&#x435;&#x43D;&#x43D;&#x43E;&#x439; &#x43A;&#x443;&#x43B;&#x44C;&#x442;&#x443;&#x440;&#x44B; &#x438; &#x441;&#x442;&#x430;&#x43B;&#x438; &#x43F;&#x440;&#x435;&#x434;&#x43C;&#x435;&#x442;&#x43E;&#x43C; &#x43A;&#x43E;&#x43B;&#x43B;&#x435;&#x43A;&#x446;&#x438;&#x43E;&#x43D;&#x438;&#x440;&#x43E;&#x432;&#x430;&#x43D;&#x438;&#x44F;</subfield>
  </datafield>
  <datafield tag="500" ind1="1" ind2="0">
    <subfield code="a">&#x416;&#x438;&#x432;&#x43E;&#x43F;&#x438;&#x441;&#x43D;&#x44B;&#x439; &#x430;&#x43B;&#x44C;&#x431;&#x43E;&#x43C; &#x43A; &#x43F;&#x443;&#x442;&#x435;&#x448;&#x435;&#x441;&#x442;&#x432;&#x438;&#x44E; &#x441; &#x434;&#x435;&#x442;&#x44C;&#x43C;&#x438; &#x43F;&#x43E; &#x421;&#x432;&#x44F;&#x442;&#x43E;&#x439; &#x417;&#x435;&#x43C;&#x43B;&#x435;, &#x441;&#x43E;&#x434;&#x435;&#x440;&#x436;&#x430;&#x449;&#x438;&#x439; &#x432; &#x441;&#x435;&#x431;&#x435; &#x441;&#x43E;&#x440;&#x43E;&#x43A; &#x432;&#x43E;&#x441;&#x435;&#x43C;&#x44C; &#x432;&#x438;&#x434;&#x43E;&#x432; &#x441;&#x432;&#x44F;&#x442;&#x44B;&#x445; &#x43C;&#x435;&#x441;&#x442;, &#x441; &#x438;&#x445; &#x43E;&#x43A;&#x440;&#x435;&#x441;&#x442;&#x43D;&#x43E;&#x441;&#x442;&#x44F;&#x43C;&#x438;, &#x440;&#x438;&#x441;&#x43E;&#x432;&#x430;&#x43D;&#x43D;&#x44B;&#x43C;&#x438; &#x438; &#x433;&#x440;&#x430;&#x432;&#x438;&#x440;&#x43E;&#x432;&#x430;&#x43D;&#x43D;&#x44B;&#x43C;&#x438; &#x43D;&#x430; &#x441;&#x442;&#x430;&#x43B;&#x438; &#x430;&#x43D;&#x433;&#x43B;&#x438;&#x439;&#x441;&#x43A;&#x438;&#x43C;&#x438; &#x438; &#x444;&#x440;&#x430;&#x43D;&#x446;&#x443;&#x437;&#x441;&#x43A;&#x438;&#x43C;&#x438; &#x445;&#x443;&#x434;&#x43E;&#x436;&#x43D;&#x438;&#x43A;&#x430;&#x43C;&#x438; &#x438; &#x43E;&#x442;&#x43F;&#x435;&#x447;&#x430;&#x442;&#x430;&#x43D;&#x43D;&#x44B;&#x445; &#x432; &#x41F;&#x430;&#x440;&#x438;&#x436;&#x435; [</subfield>
  </datafield>
  <datafield tag="606" ind1="1" ind2=" ">
    <subfield code="a">&#x41F;&#x430;&#x43B;&#x43E;&#x43C;&#x43D;&#x438;&#x447;&#x435;&#x441;&#x442;&#x432;&#x43E; &#x432; &#x421;&#x432;&#x44F;&#x442;&#x443;&#x44E; &#x417;&#x435;&#x43C;&#x43B;&#x44E;</subfield>
    <subfield code="j">&#x410;&#x43B;&#x44C;&#x431;&#x43E;&#x43C;&#x44B;</subfield>
    <subfield code="2">nlr_sh1</subfield>
    <subfield code="2">nlr_sh2</subfield>
    <subfield code="3">RU\NLR\AUTH\661277950</subfield>
  </datafield>
  <datafield tag="606" ind1="1" ind2=" ">
    <subfield code="a">&#x413;&#x440;&#x430;&#x432;&#x44E;&#x440;&#x430; &#x43D;&#x430; &#x441;&#x442;&#x430;&#x43B;&#x438; &#x444;&#x440;&#x430;&#x43D;&#x446;&#x443;&#x437;&#x441;&#x43A;&#x430;&#x44F;</subfield>
    <subfield code="z">19 &#x432;.</subfield>
    <subfield code="j">&#x410;&#x43B;&#x44C;&#x431;&#x43E;&#x43C;&#x44B;</subfield>
    <subfield code="2">nlr_sh2</subfield>
    <subfield code="3">RU\NLR\AUTH\6601718574</subfield>
  </datafield>
  <datafield tag="606" ind1="1" ind2=" ">
    <subfield code="a">&#x413;&#x440;&#x430;&#x432;&#x44E;&#x440;&#x430; &#x43D;&#x430; &#x441;&#x442;&#x430;&#x43B;&#x438; &#x430;&#x43D;&#x433;&#x43B;&#x438;&#x439;&#x441;&#x43A;&#x430;&#x44F;</subfield>
    <subfield code="z">19 &#x432;.</subfield>
    <subfield code="j">&#x410;&#x43B;&#x44C;&#x431;&#x43E;&#x43C;&#x44B;</subfield>
    <subfield code="2">nlr_sh2</subfield>
    <subfield code="3">RU\NLR\AUTH\6601718575</subfield>
  </datafield>
  <datafield tag="675" ind1=" " ind2=" ">
    <subfield code="a">76(084)</subfield>
    <subfield code="v">4</subfield>
  </datafield>
  <datafield tag="686" ind1="1" ind2=" ">
    <subfield code="a">&#x429;153(4&#x424;&#x440;)5-451&#x44F;61</subfield>
  </datafield>
  <datafield tag="686" ind1="1" ind2=" ">
    <subfield code="a">&#x429;153(4&#x412;&#x43B;)5-451&#x44F;61</subfield>
  </datafield>
  <datafield tag="686" ind1="2" ind2=" ">
    <subfield code="a">&#x42D;372.24-576.71&#x44F;61</subfield>
  </datafield>
  <datafield tag="701" ind1=" " ind2="1">
    <subfield code="a">&#x412;&#x430;&#x441;&#x438;&#x43B;&#x44C;&#x435;&#x432;&#x430;</subfield>
    <subfield code="b">&#x415;. &#x410;.</subfield>
    <subfield code="c">&#x438;&#x441;&#x442;&#x43E;&#x440;&#x438;&#x43A;, &#x43F;&#x438;&#x441;&#x430;&#x442;&#x435;&#x43B;&#x44C;</subfield>
    <subfield code="f">1976-</subfield>
    <subfield code="g">&#x415;&#x43A;&#x430;&#x442;&#x435;&#x440;&#x438;&#x43D;&#x430; &#x410;&#x43B;&#x435;&#x43A;&#x441;&#x435;&#x435;&#x432;&#x43D;&#x430;</subfield>
    <subfield code="3">RU\NLR\AUTH\770217796</subfield>
    <subfield code="4">340</subfield>
  </datafield>
  <datafield tag="711" ind1="0" ind2="2">
    <subfield code="a">&#x418;&#x43C;&#x43F;&#x435;&#x440;&#x430;&#x442;&#x43E;&#x440;&#x441;&#x43A;&#x43E;&#x435; &#x43F;&#x440;&#x430;&#x432;&#x43E;&#x441;&#x43B;&#x430;&#x432;&#x43D;&#x43E;&#x435; &#x41F;&#x430;&#x43B;&#x435;&#x441;&#x442;&#x438;&#x43D;&#x441;&#x43A;&#x43E;&#x435; &#x43E;&#x431;&#x449;&#x435;&#x441;&#x442;&#x432;&#x43E;</subfield>
    <subfield code="c">&#x41F;&#x435;&#x442;&#x435;&#x440;&#x431;&#x443;&#x440;&#x433;</subfield>
    <subfield code="3">RU\NLR\AUTH\889974456</subfield>
  </datafield>
  <datafield tag="712" ind1="0" ind2="2">
    <subfield code="a">&#x420;&#x43E;&#x441;&#x441;&#x438;&#x439;&#x441;&#x43A;&#x430;&#x44F; &#x430;&#x43A;&#x430;&#x434;&#x435;&#x43C;&#x438;&#x44F; &#x445;&#x443;&#x434;&#x43E;&#x436;&#x435;&#x441;&#x442;&#x432;</subfield>
    <subfield code="b">&#x41D;&#x430;&#x443;&#x447;&#x43D;&#x43E;-&#x438;&#x441;&#x441;&#x43B;&#x435;&#x434;&#x43E;&#x432;&#x430;&#x442;&#x435;&#x43B;&#x44C;&#x441;&#x43A;&#x438;&#x439; &#x43C;&#x443;&#x437;&#x435;&#x439;</subfield>
    <subfield code="c">&#x421;&#x430;&#x43D;&#x43A;&#x442;-&#x41F;&#x435;&#x442;&#x435;&#x440;&#x431;&#x443;&#x440;&#x433;</subfield>
    <subfield code="3">RU\NLR\AUTH\889968389</subfield>
    <subfield code="4">570</subfield>
  </datafield>
  <datafield tag="942" ind1=" " ind2=" ">
    <subfield code="c">BOOK</subfield>
  </datafield>
  <datafield tag="980" ind1=" " ind2=" ">
    <subfield code="a">NB</subfield>
  </datafield>
  <datafield tag="995" ind1=" " ind2=" ">
    <subfield code="5">2022-11-28</subfield>
    <subfield code="a">ad</subfield>
    <subfield code="b">NLR02</subfield>
    <subfield code="c">NLR02</subfield>
    <subfield code="e">EST</subfield>
    <subfield code="f">1-4064677</subfield>
    <subfield code="k">&#x42D; &#x410;&#x43B;&#x422;35/1-6</subfield>
    <subfield code="o">0</subfield>
    <subfield code="p">0.00</subfield>
    <subfield code="r">BOOK</subfield>
    <subfield code="s">_3516</subfield>
  </datafield>
  <datafield tag="995" ind1=" " ind2=" ">
    <subfield code="5">2022-11-28</subfield>
    <subfield code="a">ad</subfield>
    <subfield code="b">NLR02</subfield>
    <subfield code="c">NLR02</subfield>
    <subfield code="e">EST</subfield>
    <subfield code="f">1-4064678</subfield>
    <subfield code="k">&#x42D; &#x410;&#x43B;&#x422;35/1-6</subfield>
    <subfield code="o">0</subfield>
    <subfield code="p">0.00</subfield>
    <subfield code="r">BOOK</subfield>
    <subfield code="s">_3516</subfield>
  </datafield>
</record>
